Alle PDC Premier League Darts Teilnehmer 2007 - Statistiken

Allgemein
  • Dieses Quiz wurde 36 mal gespielt
  • Das Durchschnittsergebnis liegt bei 6 aus 8
Antwortstatistiken
Ranking Land Dartsspieler % Korrekt
1 England Phil Taylor
100%
2 Niederlande Raymond van Barneveld
100%
8 Niederlande Roland Scholten
81%
7 England Adrian Lewis
78%
5 England Colin Lloyd
70%
4 England Dennis Priestley
63%
6 England Peter Manley
63%
3 England Terry Jenkins
63%
Keine übereinstimmenden Quizze gefunden
Verteilung der Resultate
Anzahl Personen mit jedem Resultat
Perzentil nach korrekt beantworteten Fragen
Ihre Resultats-Entwicklung
Sie haben dieses Quiz noch nicht gespielt